| 000 -LEADER |
| fixed length control field |
00371nam a22001217a 4500 |
| 008 - FIXED-LENGTH DATA ELEMENTS--GENERAL INFORMATION |
| fixed length control field |
250227b ||||| |||| 00| 0 eng d |
| 020 ## - INTERNATIONAL STANDARD BOOK NUMBER |
| International Standard Book Number |
9781632204424 |
| 082 ## - DEWEY DECIMAL CLASSIFICATION NUMBER |
| Classification number |
813.6 MOR |
| 100 ## - MAIN ENTRY--PERSONAL NAME |
| Personal name |
MORGAN,WINTER |
| Relator term |
AUTHOR |
| 245 ## - TITLE STATEMENT |
| Title |
THE QUEST FOR THE DIAMOND SWORD |
| 260 ## - PUBLICATION, DISTRIBUTION, ETC. |
| Place of publication, distribution, etc. |
SKY PONY PRESS,307 WEST 36TH,11TH FLOOR,NEW YORK,NY 10018 |
| Name of publisher, distributor, etc. |
HOLLAN PUBLISHING INC |
| Date of publication, distribution, etc. |
2014 |
| 942 ## - ADDED ENTRY ELEMENTS (KOHA) |
| Source of classification or shelving scheme |
|